000 00932nam a2200277 i 4500
003 EG-GICUC
005 20260427083208.0
008 260427s1983 -uk |fr|||| 000 0 eng d
040 _aEG-GiCUC
_beng
_cEG-GiCUC
_dEG-GiCUC
_erda
041 0 _aeng
082 0 4 _221
_a341.48
_bIN . C
092 0 4 _221
099 _aLaw1 11 341.48 IN . C 1983
100 1 _aIndians, Nicaragua's
_eAuthor.
245 1 0 _aComments For The Members Of The Committee On The Elimination Of Racial Discrimination (CERD) /
_cNicaragua's Indians.
264 1 _a New York :
_bThe International League for Human Rights,
_c1983.
300 _a90 pages,
_c28 cm.
336 _2rda content
_atext
337 _2rda media
_aComputer
338 _2rda carrier
_aOnline Resource
546 _aText in English
650 1 4 _aPublic international law
856 4 0 _uhttps://fll.law.cu.edu.eg/fulltext/bks/B11-09968.pdf
905 _a48
942 _2ddc
_cBK
_e21
_n0
999 _c73542
_d73542